000 00603nam a2200241Ia 4500
003 OSt
005 20221007074819.0
006 a|||||r|||| 00| 0
007 ta
008 221006b |||||||| |||| 00| 0 eng d
020 _a8170172160
024 _a20,625
037 _cTextual
040 _aFLL
_cFLL
_beng
041 _2eng
_aeng
082 _aZ2, M7
100 _aSaksena N.S.
245 0 _aLaw and order in India
260 _aNew Delhi
_bAbhinav Publications India
_c1987
300 _a345p
_ccm.
942 _hZ2, M7
_cTEXL
_2CC
999 _c1153766
_d1153766